Statistics for All Formula 1 Toyota drivers

Click here to take the quiz!

General Stats

  • This quiz has been taken 112 times
  • The average score is 7 of 9

Answer Stats

Years No. of races Name Nationality % Correct
2004–0991Jarno TrulliItaly
99%
2008–0933Timo GlockGermany
90%
2005–0753Ralf SchumacherGermany
88%
200217Mika SaloFinland
82%
2003–0433Olivier PanisFrance
81%
20092Kamui KobayashiJapan
81%
2003–0428Cristiano da MattaBrazil
67%
200217Allan McNishUnited Kingdom
65%
2004–056Ricardo ZontaBrazil
63%

Score Distribution

Percentile by Number Answered

Percent of People with Each Score

Your Score History

You have not taken this quiz